000 00395nam a22001577a 4500
003 OSt
008 230302b |||||||| |||| 00| 0 eng d
020 _a9789382126188
041 _aeng
082 _a664
_bGop/Fo
100 _aGopalakrishna Rao, M.
_9312
245 _aFood Science And Technology
260 _aNew Delhi
_bAstha Publishers and Distributors
_c2014
300 _a296
942 _cBK
999 _c14240
_d14240